Rozpoznaj zespół po nazwie angielskiej - Statystyki

Ogólne statystyki
  • Ten quiz został rozwiązany 276 razy
  • Średni wynik to 11 z 15
Statystyki odpowiedzi
Hint Odpowiedź % Poprawnych
Electric Guitars Elektryczne Gitary
99%
Red Guitars Czerwone Gitary
97%
The Cult Kult
94%
The Accent Akcent
92%
The Jam Dżem
91%
The Wolves Wilki
91%
S.H.E. O.N.A.
89%
They Three Ich Troje
84%
Burned by Coffee 3 Poparzeni Kawą III
77%
Closed Department Oddział Zamknięty
75%
The Fourth Wave Czwarta Fala
67%
"Naked Man" Orchestra Golec Orkiestra
48%
Jagiellonian Embankments Wały Jagiellońskie
37%
The NEPHhEWS BRAThANKI
30%
Prompter's Shelter Budka Suflera
18%
Nie znaleziono quizów pasujących do podanych kryteriów
Rozkład punktacji
Procent ludzi z każdym wynikiem
Percentyl według liczby udzielonych odpowiedzi
Twoja historia wyników
Nie rozwiązałeś tego quizu